000 00612cam a22002053a 4500
001 45783
003 PGUSA
005 20140828084049.0
008 140527s2014||||xxu|||||s|||||000 | eng d
040 _aPGUSA
_beng
042 _adc
100 1 _aNervander, Emil Fredrik,
_d1840-1914
245 1 0 _aKatri :
_bKertomus 17 vuosi-sadasta [Finnish]
_h[electronic resource] /
_cEmil Fredrik Nervander
260 _bProject Gutenberg,
_c2014
506 _aPublic domain in the USA.
516 _aElectronic text
830 0 _aProject Gutenberg
_v45783
856 4 0 _uhttp://www.gutenberg.org/ebooks/45783
942 _cEB
999 _c275033
_d275033